Statistics for Star Wars Prequels Cast

Click here to take the quiz!

General Stats

  • This quiz has been taken 13 times
  • The average score is 14 of 35

Answer Stats

Character Actor % Correct
Obi-Wan KenobiEwan McGregor
100%
Mace WinduSamuel L. Jackson
92%
Anakin SkywalkerHayden Christensen
92%
Padme AmidalaNatalie Portman
85%
Count DookuChristopher Lee
85%
Qui-Gonn JinnLiam Neeson
85%
C-3POAnthony Daniels
69%
Jar Jar BinksAhmed Best
69%
YodaFrank Oz
62%
Darth MaulRay Park
62%
Darth SidiousIan McDiarmid
62%
Anakin Skywalker ( young )Jake Lloyd
62%
ChewbaccaPeter Mayhew
54%
R2-D2Kenny Baker
46%
Boss NassBrian Blessed
38%
Jango FettTemmuera Morrison
38%
Bail OrganaJimmy Smits
31%
Owen LarsJoel Edgerton
31%
Aayla SecuraAmy Allen
23%
Ki-Adi Mundi/ Nute GunraySilas Carson
23%
General GrievousMatthew Wood
23%
Finis ValorumTerrence Stamp
23%
Kit FistoPhil LaMarr
15%
Cliegg LarsJack Thompson
15%
Boba FettDaniel Logan
15%
Shmi SkywalkerPernilla August
15%
WattoAndy Secombe
15%
Agen KolarTux Akindoyeni
8%
Plo KoonMatt Sloan
8%
Captain PanakaHugh Quarshie
8%
SebulbaLewis MacLeod
8%
Shaak TiOrli Shoshan
8%
Beru LarsBonnie Piesse
8%
Zam WesselLeeanna Walsman
8%
Luminara UnduliMary Oyaya
0%

Score Distribution

Percentile by Number Answered

Percent of People with Each Score

Your Score History

You have not taken this quiz